| 000 | 00695nam a22002177a 4500 | ||
|---|---|---|---|
| 003 | OSt | ||
| 005 | 20131204153734.0 | ||
| 008 | 131008b xxu||||| |||| 00| 0 eng d | ||
| 020 | _a8425506670 | ||
| 024 |
_2Dipósit Legal _aB.11.779-1984 |
||
| 040 |
_cCentre de Documentació Montserrat Roig _bcat |
||
| 100 |
_92602 _aMillerson, Gerald |
||
| 245 |
_aTV, producción eficaz de programas _b: técnicas y procesos _cGerald Millerson |
||
| 246 | _aEffective TV production | ||
| 260 |
_aBarcelona _c1984 _bHispano Europea |
||
| 300 | _a201 p. | ||
| 490 | _aManuales RTV | ||
| 650 | 0 | 4 |
_9433 _aTelevisió _xProducció i direcció |
| 650 | 0 | 4 |
_94375 _aTelevisió _xManuals, guies, etc |
| 942 |
_2udc _cMON |
||
| 999 |
_c6630 _d6630 |
||